000 00799nam a22002297a 4500
999 _c11720
_d11720
003 AR-CdUCM
008 190404b ||||| |||| 00| 0 spa d
040 _aMUNICIPALIDAD PROVINCIAL DEL CUSCO
_cBIBLIOTECA MUNICIPAL DEL CUSCO
041 _heng
082 _26ed
_a171 /
_bL67 / 1943
100 _aLin, Yutang
_99977
245 _aLa importancia de vivir /
260 _aBuenos Aires :
_bEdit. Sudamericana,
_c1943.
300 _a597 páginas ;
_c20 cm.
505 _aContenido: El despertar -- Puntos de vista de la humanidad -- Nuestra herencia animal -- De ser humano...
650 _aFilosofía china
_929212
650 _aVida y sabiduría
_929213
650 _aNaturaleza
_94241
700 _aJiménez, Román A. (traducción)
_929214
942 _2ddc
_cLIBROS
945 _adavv
_d04/04/2019